| 000 | 00000nam##2200000za#4500 |
| 001 | 9.574216 |
| 003 | CaOODSP |
| 005 | 20210624184057 |
| 007 | cr ||||||||||| |
| 008 | 150406|2006||||xxc|||||o f|0| 0 eng|d |
| 022 | |a1488-5379 |
| 040 | |aCaOODSP|beng |
| 043 | |an-cn--- |
| 086 | 1 |aFs97-6/2673E-PDF |
| 110 | 1 |aCanada. |bDepartment of Fisheries and Oceans. |
| 245 | 10|aRecent trends in the abundance of the invasive green crab (Carcinus maenas) in Bras d'Or Lakes and Eastern Nova Scotia based on trap surveys / |h[electronic resource]|cby M. John Tremblay, Amy Thompson and Kara Paul. |
| 260 | |aDartmouth - Nova Scotia : |bFisheries and Oceans Canada |c2006. |
| 300 | |a36p.|bfigs., graphs, maps, references, tables, photographs |
| 490 | 1 |aCanadian technical report of fisheries and aquatic sciences|x1488-5379|v2673 |
| 500 | |aThe catalogue number (Fs97-6/2673E) and ISSN (0706-6457) for the print edition have been incorrectly copied in this electronic publication. |
| 546 | |a(Résumé en français) |
| 590 | |a12-26-Supp|b2012-06-07 |
| 720 | 1 |aTremblay, M. John |
| 720 | 1 |aThompson, Amy |
| 720 | 1 |aPaul, Kara |
| 776 | 0#|tRecent trends in the abundance of the invasive green crab (carcinus maenus) in Bras d'Or Lakes and Eastern Nova Scotia on trap surveys / |w(CaOODSP)9.618112 |
| 830 | #0|aCanadian technical report of fisheries and aquatic sciences,|x1488-5379|v2673|w(CaOODSP)9.504449 |
| 856 | 40|ahttp://publications.gc.ca|qPDF|s1.42 MB|uhttps://publications.gc.ca/collections/collection_2012/mpo-dfo/Fs97-6-2673-eng.pdf|y2673 |